| 000 | 00580cam a2200217 4500 | ||
|---|---|---|---|
| 001 | M88893 | ||
| 008 | 090401t1984 xxu||||| |||| 00| 0 eng d | ||
| 035 | _a(Sirsi) u83288 | ||
| 041 | _aeng | ||
| 050 | _a333.335 | ||
| 110 |
_aAgricultural Development Advisory Service _93357 |
||
| 245 | _aFarm rents in England and Wales : 1983 enquiry. | ||
| 260 |
_aAlnwick, Northumberland _bMAFF Publications _c1984 |
||
| 300 | _a81p. ; 21cm. | ||
| 350 | _a0 | ||
| 490 |
_aBooklet _v2319 (83) |
||
| 650 | _aFARM RENTS | ||
| 690 | _aRURAL PRACTICE | ||
| 942 | _n0 | ||
| 948 | _c23/01/1998 | ||
| 999 |
_c96877 _d96877 |
||